[Event "Sparkassen-Open B"]
[Site "Heusenstamm, Martinsee"]
[Date "2017.11.24"]
[Round "3.36"]
[White "Al-Butmeh, Firas"]
[Black "Bär, Christian"]
[Result "1-0"]
[WhiteElo "1325"]
[BlackElo "1573"]
[PlyCount "37"]
[EventDate "2017.??.??"]
[WhiteTeam "SV Lahn Limburg"]
[BlackTeam "SC Steinbach"]

1. e4 e5 2. Nf3 Nc6 3. d4 exd4 4. Bc4 Bc5 5. c3 Qe7 6. O-O d6 7. cxd4 Bb6 8.
Nc3 Bg4 9. Nd5 Qd7 10. Nxb6 axb6 11. Bf4 O-O-O 12. Bb5 Qe7 13. Re1 f6 14. Rc1
g5 15. Bg3 h5 16. h3 Bd7 17. Qc2 g4 18. Nh4 Nxd4 19. Qxc7# 1-0

[Event "Sparkassen-Open B"]
[Site "Heusenstamm, Martinsee"]
[Date "2017.11.24"]
[Round "3.37"]
[White "Boder, Jörg"]
[Black "Kiel, Gerhard"]
[Result "0-1"]
[WhiteElo "1139"]
[BlackElo "1571"]
[PlyCount "98"]
[EventDate "2017.??.??"]
[WhiteTeam "SG Mörsdorf-Lahr"]
[BlackTeam "vereinslos"]

1. b3 Nf6 2. Bb2 g6 3. e3 Bg7 4. f4 O-O 5. Nf3 d6 6. h3 c5 7. d3 Nc6 8. Nc3 a6
9. a4 b6 10. g4 Bb7 11. Bg2 e6 12. Qe2 Qe7 13. Nd2 d5 14. O-O Rad8 15. Qf2 Ne8
16. Nd1 Bxb2 17. Nxb2 Qf6 18. Rab1 Nb4 19. g5 Qg7 20. Nf3 Nc6 21. d4 Nd6 22.
Ne5 f6 23. Nxc6 Bxc6 24. Qe2 Bb7 25. h4 e5 26. dxc5 bxc5 27. Nd3 Rc8 28. b4 c4
29. Nc5 Rb8 30. Nxb7 Qxb7 31. c3 e4 32. Rbd1 fxg5 33. hxg5 Nf5 34. Qd2 Qc6 35.
Qxd5+ Qxd5 36. Rxd5 Nxe3 37. Rfd1 Nxd1 38. Rxd1 Rbd8 39. Re1 Rxf4 40. Bxe4 Rg4+
41. Kf2 Rxg5 42. Bb7 Rf8+ 43. Ke2 Re8+ 44. Kf2 Rf5+ 45. Bf3 Rxe1 46. Kxe1 Rxf3
47. Kd2 g5 48. b5 axb5 49. axb5 g4 0-1

[Event "Sparkassen-Open B"]
[Site "Heusenstamm, Martinsee"]
[Date "2017.11.24"]
[Round "3.40"]
[White "John, Volkmar"]
[Black "Herdt, Werner"]
[Result "1-0"]
[WhiteElo "1796"]
[BlackElo "1425"]
[PlyCount "75"]
[EventDate "2017.??.??"]
[WhiteTeam "SK Herborn"]
[BlackTeam "SF Heusenstamm"]

1. e4 c5 2. Nf3 d6 3. d4 cxd4 4. Nxd4 Nf6 5. Nc3 Nc6 6. Bg5 e6 7. f3 Be7 8. Qd2
a6 9. O-O-O d5 10. Nxc6 bxc6 11. e5 Nd7 12. Bxe7 Qxe7 13. f4 O-O 14. h4 f6 15.
Re1 fxe5 16. fxe5 Qf7 17. g3 Qf2 18. Bh3 Qxd2+ 19. Kxd2 Nb6 20. b3 Bd7 21. Rhf1
Rxf1 22. Rxf1 Rf8 23. Rxf8+ Kxf8 24. Ne2 Ke7 25. Nf4 Be8 26. Bxe6 h6 27. Bf5 g5
28. hxg5 hxg5 29. Nd3 a5 30. a4 Bd7 31. Bxd7 Nxd7 32. Ke3 Ke6 33. b4 Nb6 34.
Kd4 Nxa4 35. bxa5 Kf5 36. g4+ Ke6 37. Nc5+ Nxc5 38. Kxc5 1-0

[Event "Sparkassen-Open B"]
[Site "Heusenstamm, Martinsee"]
[Date "2017.11.24"]
[Round "3.41"]
[White "El-Lawindy, Asem"]
[Black "Spill, Werner"]
[Result "1-0"]
[WhiteElo "1562"]
[BlackElo "1372"]
[PlyCount "35"]
[EventDate "2017.??.??"]
[WhiteTeam "VSG Offenbach"]
[BlackTeam "SC Königsspringer Alzenau"]

1. d4 Nf6 2. c4 e6 3. Nc3 b6 4. Nf3 Bb7 5. Qc2 Bb4 6. Bg5 O-O 7. e3 h6 8. Bh4
d6 9. Bd3 Nbd7 10. O-O Bxc3 11. Qxc3 Qc8 12. Rac1 Bxf3 13. gxf3 e5 14. Bxf6
Nxf6 15. dxe5 dxe5 16. Qxe5 Re8 17. Qg3 Re5 18. Qxe5 1-0

[Event "Sparkassen-Open B"]
[Site "Heusenstamm, Martinsee"]
[Date "2017.11.24"]
[Round "3.42"]
[White "Kirchner, Stefan"]
[Black "Espig, Nils"]
[Result "1-0"]
[WhiteElo "1546"]
[BlackElo "1409"]
[PlyCount "61"]
[EventDate "2017.??.??"]
[WhiteTeam "SF Schöneck"]
[BlackTeam "USV TU Dresden"]

1. e4 c5 2. Nf3 d6 3. d4 cxd4 4. Nxd4 Nf6 5. f3 g6 6. c4 Bg7 7. Be3 O-O 8. Nc3
Nc6 9. Be2 Nxd4 10. Bxd4 Be6 11. Rc1 Rc8 12. b3 Qa5 13. Qd2 Rc6 14. Be3 Rfc8
15. Nb5 Qxd2+ 16. Kxd2 Ra6 17. Rc2 Nd7 18. Nd4 Nc5 19. Nxe6 Nxe6 20. Rhc1 Rcc6
21. a4 Rc7 22. c5 dxc5 23. Bxa6 bxa6 24. b4 Rd7+ 25. Ke2 cxb4 26. Rc8+ Bf8 27.
Rd1 Rb7 28. Kd2 Kg7 29. Kc2 f6 30. Rc6 Nc7 31. Rd7 1-0

[Event "Sparkassen-Open B"]
[Site "Heusenstamm, Martinsee"]
[Date "2017.11.24"]
[Round "3.43"]
[White "Jung, Kenny"]
[Black "Lehmann, Nils"]
[Result "0-1"]
[WhiteElo "1465"]
[BlackElo "1524"]
[PlyCount "55"]
[EventDate "2017.??.??"]
[WhiteTeam "SF Schöneck"]
[BlackTeam "SV Lahn Limburg"]

1. e4 e5 2. Nf3 Nc6 3. Bb5 Bc5 4. d3 d6 5. Bxc6+ bxc6 6. h3 h6 7. Nc3 Nf6 8.
Na4 Bb6 9. Nxb6 cxb6 10. c4 Qc7 11. Qe2 Bb7 12. b3 O-O 13. Nh4 Bc8 14. Qf3 Qe7
15. Be3 Be6 16. O-O-O Rac8 17. Nf5 Bxf5 18. Qxf5 d5 19. g4 Nh7 20. h4 d4 21.
Bd2 a5 22. Kb2 c5 23. h5 Rc6 24. Qf3 Ng5 25. Qf5 Rf6 26. Bxg5 hxg5 27. Qxg5
Rxf2+ 28. Rd2 0-1

[Event "Sparkassen-Open B"]
[Site "Heusenstamm, Martinsee"]
[Date "2017.11.24"]
[Round "3.44"]
[White "Ummen, Jonathan"]
[Black "Papadopoulos, Leon"]
[Result "1-0"]
[WhiteElo "1520"]
[BlackElo "1085"]
[PlyCount "75"]
[EventDate "2017.??.??"]
[WhiteTeam "vereinslos"]
[BlackTeam "SV Oberursel"]

1. Nf3 Nc6 2. d4 d5 3. c4 e6 4. Nc3 Nf6 5. a3 Be7 6. e3 Ne4 7. Qc2 Nd6 8. cxd5
exd5 9. Bb5 Nxb5 10. Nxb5 Bg4 11. Nd2 Bd6 12. Nxd6+ Qxd6 13. O-O O-O 14. f3 Bd7
15. b4 Qe7 16. Qc3 Qg5 17. Bb2 Rfe8 18. Rae1 Re7 19. e4 Rae8 20. Rf2 Re6 21.
Bc1 Qg6 22. f4 R6e7 23. e5 Nd8 24. Qxc7 Bc6 25. Qb8 b6 26. f5 Qh6 27. Ne4 Qh4
28. Bg5 Qh5 29. Bxe7 Rxe7 30. Qxd8+ Re8 31. Qd6 Rc8 32. h3 dxe4 33. e6 fxe6 34.
Qxe6+ Kh8 35. Qxc8+ Be8 36. Rxe4 h6 37. Rxe8+ Kh7 38. Rh8# 1-0

[Event "Sparkassen-Open B"]
[Site "Heusenstamm, Martinsee"]
[Date "2017.11.24"]
[Round "3.45"]
[White "Landvoigt, Martin"]
[Black "Hüttinger, Siegfried"]
[Result "0-1"]
[WhiteElo "1310"]
[BlackElo "1519"]
[PlyCount "86"]
[EventDate "2017.??.??"]
[WhiteTeam "SF Friedberg"]
[BlackTeam "SC Königsspringer Alzenau"]

1. f4 d5 2. Nf3 c5 3. e3 Nc6 4. Be2 Nf6 5. b3 Bf5 6. O-O Nb4 7. d3 e6 8. a3 Nc6
9. Bb2 d4 10. e4 Bg4 11. Ne5 Bxe2 12. Qxe2 Nxe5 13. fxe5 Nd7 14. Nd2 Nxe5 15.
Nf3 Bd6 16. b4 b6 17. Qf2 Nxf3+ 18. Qxf3 O-O 19. bxc5 bxc5 20. Rf2 Qc7 21. g3
f5 22. Raf1 fxe4 23. Qxe4 Rab8 24. c3 Rxf2 25. Rxf2 e5 26. Kg2 Qb7 27. cxd4
Qxe4+ 28. dxe4 cxd4 29. a4 a5 30. Bc1 Rb4 31. Ra2 Rb3 32. Bd2 Bb4 33. Bxb4 Rxb4
34. Kf3 Kf7 35. h4 h5 36. g4 Rb3+ 37. Kg2 hxg4 38. Rf2+ Rf3 39. Rxf3+ gxf3+ 40.
Kxf3 Kf6 41. Kg4 Kg6 42. h5+ Kf6 43. Kf3 Kg5 0-1

[Event "Sparkassen-Open B"]
[Site "Heusenstamm, Martinsee"]
[Date "2017.11.24"]
[Round "3.46"]
[White "Peschk, Kathrin"]
[Black "Werner, Rosalie"]
[Result "0-1"]
[WhiteElo "1345"]
[BlackElo "1494"]
[PlyCount "94"]
[EventDate "2017.??.??"]
[WhiteTeam "SV Groß-Gerau"]
[BlackTeam "VSG Offenbach"]

1. e4 e6 2. f4 d5 3. exd5 exd5 4. Nf3 Nf6 5. d4 Bf5 6. Bd3 Bxd3 7. Qxd3 c5 8.
Be3 c4 9. Qe2 Ne4 10. O-O Be7 11. Nbd2 f5 12. Nxe4 fxe4 13. Ne5 Bf6 14. Qg4 Nc6
15. Qe6+ Qe7 16. Qxd5 Rd8 17. Qxe4 Nb4 18. Rfd1 Nd5 19. Qf3 Qb4 20. f5 Bxe5 21.
dxe5 Nxe3 22. Rxd8+ Kxd8 23. Qxe3 Qxb2 24. Rd1+ Ke8 25. Qc5 Qb6 26. Rd5 Qb1+
27. Kf2 Qxc2+ 28. Ke3 Qxf5 29. Qb5+ Kf7 30. Qxb7+ Kg6 31. Rd6+ Kh5 32. Qf3+
Qxf3+ 33. gxf3 Rc8 34. Rd5 c3 35. e6+ Kg6 36. Rd1 Kf6 37. Rc1 Kxe6 38. Kd3 Kf5
39. Rxc3 Rxc3+ 40. Kxc3 Kf4 41. a4 Kxf3 42. Kb4 Kg2 43. Kb5 Kxh2 44. Ka6 g5 45.
Kxa7 g4 46. a5 g3 47. a6 g2 0-1

[Event "Sparkassen-Open B"]
[Site "Heusenstamm, Martinsee"]
[Date "2017.11.24"]
[Round "3.47"]
[White "Krieger, Roy"]
[Black "Ebeling, Gereon"]
[Result "0-1"]
[WhiteElo "1293"]
[BlackElo "1517"]
[PlyCount "96"]
[EventDate "2017.??.??"]
[WhiteTeam "Muldental Wilkau-Haßlau"]
[BlackTeam "SK Mainaschaff"]

1. d4 d5 2. Nf3 e6 3. Bf4 c5 4. e3 Qb6 5. Qc1 Nc6 6. c3 Nf6 7. Nbd2 Nh5 8. Be2
Nxf4 9. exf4 cxd4 10. cxd4 Nxd4 11. Nxd4 Qxd4 12. Bb5+ Kd8 13. O-O Qxf4 14. Qc2
Qc7 15. Qxc7+ Kxc7 16. Nf3 Bd7 17. Bxd7 Kxd7 18. Rac1 Bd6 19. Ng5 Ke7 20. Rfd1
Bf4 21. Nxf7 Kxf7 22. Rc2 Rac8 23. Rxc8 Rxc8 24. g3 Rc1 25. Rxc1 Bxc1 26. b4 a6
27. a4 b5 28. axb5 axb5 29. f4 Bd2 30. Kf2 Bxb4 31. Ke3 Bc5+ 32. Kd3 Bg1 33. h3
Bh2 34. g4 Bxf4 35. Kc3 e5 36. Kd3 b4 37. Kc2 e4 38. h4 e3 39. Kd1 b3 40. h5 b2
41. Kc2 b1=Q+ 42. Kxb1 e2 43. Kc2 e1=Q 44. Kd3 Qe4+ 45. Kc3 Qc4+ 46. Kb2 Bc1+
47. Kb1 Qc3 48. g5 Qb2# 0-1

[Event "Sparkassen-Open B"]
[Site "Heusenstamm, Martinsee"]
[Date "2017.11.24"]
[Round "3.48"]
[White "Moldenhauer, Lennart"]
[Black "von Beckh, Frieda"]
[Result "1-0"]
[WhiteElo "1502"]
[BlackElo "1288"]
[PlyCount "123"]
[EventDate "2017.??.??"]
[WhiteTeam "SV Oberursel"]
[BlackTeam "SC Eschborn"]

1. e4 d5 2. exd5 Nf6 3. d4 Nxd5 4. c4 Nb6 5. Nf3 Nc6 6. d5 Nb8 7. Be2 e6 8.
dxe6 Qxd1+ 9. Bxd1 Bxe6 10. b3 Be7 11. Bb2 O-O 12. O-O N8d7 13. Ne5 Bf6 14.
Nxd7 Nxd7 15. Bxf6 Nxf6 16. Bf3 c6 17. Nc3 Rad8 18. Rad1 Rfe8 19. Ne4 Nxe4 20.
Bxe4 Bg4 21. f3 Rxd1 22. Rxd1 Be6 23. Kf2 g6 24. Rd6 f5 25. Bc2 Kf7 26. f4 Ke7
27. Rd1 Rd8 28. Rxd8 Kxd8 29. Ke3 c5 30. Bd1 Kc7 31. Kd3 Kb6 32. Kc3 Ka5 33.
Be2 Bd7 34. a3 b6 35. h3 Bc6 36. g3 h6 37. g4 Bd7 38. b4+ Ka6 39. Kb3 Bc6 40.
b5+ Bxb5 41. cxb5+ Kb7 42. gxf5 gxf5 43. Bd3 Kc7 44. Bxf5 Kd6 45. Kc4 Ke7 46.
Kd5 Kf6 47. Bd3 h5 48. Kc6 Ke6 49. Kb7 Kd5 50. Kxa7 c4 51. Bxc4+ Ke4 52. Kxb6
Kxf4 53. Kc6 Kg3 54. Be6 h4 55. b6 Kf4 56. b7 Ke4 57. b8=Q Kd4 58. Qb4+ Kd3 59.
Kd5 Kc2 60. Kd4 Kc1 61. Kd3 Kd1 62. Qb1# 1-0

[Event "Sparkassen-Open B"]
[Site "Heusenstamm, Martinsee"]
[Date "2017.11.24"]
[Round "3.49"]
[White "Gräf, Jakob"]
[Black "Weyerer, Noah"]
[Result "1-0"]
[WhiteElo "1476"]
[BlackElo "1154"]
[PlyCount "129"]
[EventDate "2017.??.??"]
[WhiteTeam "SV Frankfurt Nord"]
[BlackTeam "SV Oberursel"]

1. f4 d5 2. Nf3 Nf6 3. e3 Bg4 4. Be2 Bf5 5. b3 e6 6. Bb2 Nc6 7. Nc3 Bd6 8. d4
Nb4 9. Bd3 Ne4 10. a3 Nxd3+ 11. cxd3 Nxc3 12. Bxc3 O-O 13. O-O Qd7 14. Re1 Qb5
15. e4 dxe4 16. dxe4 Bg6 17. e5 Be7 18. b4 Qc6 19. Rc1 Qd5 20. Qe2 Rad8 21. Bb2
c6 22. Nd2 f6 23. Nc4 fxe5 24. fxe5 Bg5 25. Ne3 Qe4 26. h3 Bh4 27. Rf1 Rxf1+
28. Rxf1 Bg5 29. Rf3 Rf8 30. Rxf8+ Kxf8 31. Qf1+ Kg8 32. Nc4 Be3+ 33. Kh1 Bxd4
34. Nd6 Qxe5 35. Bxd4 Qxd6 36. Bc5 Qd8 37. Qe2 Bf7 38. Qe5 a6 39. Bd4 Qf8 40.
Qc7 Bg6 41. Qxb7 Qf1+ 42. Bg1 Qb5 43. Qc8+ Kf7 44. Qd7+ Kf6 45. Bd4+ Kf5 46.
Qxg7 Ke4 47. Qf6 Qf5 48. Qd8 Qf1+ 49. Bg1 Qd3 50. Qh4+ Ke5 51. Bh2+ Kd5 52.
Qg5+ Qf5 53. Qd2+ Qd3 54. Qf2 Qd4 55. Qf8 Qa1+ 56. Bg1 Qxa3 57. Qc5+ Ke4 58.
Qxc6+ Kf5 59. Qc5+ e5 60. Qd6 Kf4 61. Bh2+ Ke3 62. Qxe5+ Kf2 63. Bg1+ Kf1 64.
Qd4 Qa2 65. Qd1# 1-0

[Event "Sparkassen-Open B"]
[Site "Heusenstamm, Martinsee"]
[Date "2017.11.24"]
[Round "3.50"]
[White "Tobias, Christian"]
[Black "Löhr, Frederic"]
[Result "1/2-1/2"]
[WhiteElo "1457"]
[BlackElo "1127"]
[PlyCount "62"]
[EventDate "2017.??.??"]
[WhiteTeam "SV Oberursel"]
[BlackTeam "SF Ötzingen"]

1. e4 e5 2. Nf3 Nc6 3. d4 d6 4. d5 Nce7 5. Be3 Nf6 6. Be2 Nxe4 7. Bd3 Nf6 8.
Bc4 h6 9. Nc3 a6 10. h3 b5 11. Bb3 Bb7 12. O-O b4 13. Ba4+ Nd7 14. Bc6 Nxc6 15.
dxc6 Bxc6 16. Nb1 Be7 17. c3 a5 18. Qe2 O-O 19. cxb4 axb4 20. Nbd2 Rb8 21. Rfc1
Bb5 22. Qd1 Bf6 23. Ne4 Be7 24. a4 Ba6 25. b3 Nf6 26. Nxf6+ Bxf6 27. Qc2 Rc8
28. Qc6 Bd3 29. a5 e4 30. Nd4 Be5 31. Ra4 Rb8 1/2-1/2

[Event "Sparkassen-Open B"]
[Site "Heusenstamm, Martinsee"]
[Date "2017.11.24"]
[Round "3.51"]
[White "Englert, Lin"]
[Black "Schmitz, Bernhard Hubert"]
[Result "0-1"]
[WhiteElo "1227"]
[BlackElo "1420"]
[PlyCount "61"]
[EventDate "2017.??.??"]
[WhiteTeam "TV-Großostheim"]
[BlackTeam "Vorw.Orient Mainz"]

1. e4 c5 2. Nf3 d6 3. d4 cxd4 4. Nxd4 Nf6 5. Nc3 a6 6. Be2 b5 7. a3 Bb7 8. Bf3
Nbd7 9. O-O g6 10. b4 Bg7 11. Be3 O-O 12. Qd2 Ne5 13. Qe2 Nfd7 14. Bf4 Nxf3+
15. Nxf3 Bxc3 16. Rad1 Bg7 17. c4 bxc4 18. Qxc4 Rc8 19. Qd3 Rc3 20. Qb1 Qc7 21.
a4 Ra8 22. a5 Rc8 23. Bd2 Rc4 24. Rfe1 d5 25. exd5 Bxd5 26. Rxe7 Qd6 27. Rde1
Bxf3 28. gxf3 Qxd2 29. Re8+ Rxe8 30. Rxe8+ Nf8 31. Re1 0-1

[Event "Sparkassen-Open B"]
[Site "Heusenstamm, Martinsee"]
[Date "2017.11.24"]
[Round "3.52"]
[White "Gräf, Roman Konrad"]
[Black "Bloß, Silvia"]
[Result "0-1"]
[WhiteElo "1191"]
[BlackElo "1390"]
[PlyCount "108"]
[EventDate "2017.??.??"]
[WhiteTeam "SV Frankfurt Nord"]
[BlackTeam "Muldental Wilkau-Haßlau"]

1. d4 d5 2. Bf4 Nf6 3. Nf3 Bf5 4. e3 e6 5. Nbd2 c6 6. c3 h6 7. h3 Bd6 8. Be5
Qc7 9. Bxd6 Qxd6 10. Ne5 Nbd7 11. Rg1 Nxe5 12. dxe5 Qxe5 13. Nf3 Qc7 14. Bd3
Be4 15. Bxe4 Nxe4 16. Nd2 Nf6 17. Qb3 Rb8 18. Qa4 b5 19. Qb4 c5 20. Qh4 g5 21.
Qg3 Qxg3 22. fxg3 Nh5 23. g4 Nf6 24. Rf1 Ke7 25. Nf3 Rbc8 26. Ne5 Rhf8 27.
O-O-O a5 28. Rxf6 Kxf6 29. Nd7+ Ke7 30. Nxf8 Kxf8 31. a3 Ke7 32. Kb1 Rd8 33.
Rc1 c4 34. Rf1 Rb8 35. Kc2 b4 36. axb4 axb4 37. Kb1 bxc3 38. Rf2 cxb2 39. Rxb2
Rxb2+ 40. Kxb2 Kd6 41. Kc3 Kc5 42. g3 e5 43. h4 d4+ 44. exd4+ exd4+ 45. Kd2 Kb4
46. Kc2 d3+ 47. Kd2 Kb3 48. h5 Kb2 49. Kd1 c3 50. Ke1 c2 51. Kd2 c1=Q+ 52. Kxd3
Qc3+ 53. Ke4 Qxg3 54. Kf5 Qf4# 0-1

[Event "Sparkassen-Open B"]
[Site "Heusenstamm, Martinsee"]
[Date "2017.11.24"]
[Round "3.54"]
[White "Solovej, Philip"]
[Black "Wiese, Frank"]
[Result "0-1"]
[WhiteElo "1190"]
[BlackElo "1338"]
[PlyCount "64"]
[EventDate "2017.??.??"]
[WhiteTeam "SK Gründau"]
[BlackTeam "SF Frankfurt"]

1. e4 e5 2. Nf3 Nc6 3. Bc4 Bc5 4. c3 Nf6 5. d3 d6 6. b4 Bb6 7. Qb3 Qd7 8. Bg5
Qe7 9. a4 a5 10. b5 Nd8 11. h3 Ne6 12. Bxe6 fxe6 13. Nbd2 O-O 14. Nf1 h6 15.
Bxf6 Qxf6 16. Ng3 Qg6 17. O-O Qxg3 18. d4 Qg6 19. Qd1 exd4 20. cxd4 e5 21. Kh1
exd4 22. Nxd4 Qxe4 23. Nf3 Kh8 24. Re1 Qg6 25. Re2 Bxh3 26. Nh4 Qg4 27. gxh3
Qxh3+ 28. Kg1 Qxh4 29. Qc2 Qg4+ 30. Kf1 Qh3+ 31. Kg1 Rf4 32. Re3 Bxe3 0-1

[Event "Sparkassen-Open B"]
[Site "Heusenstamm, Martinsee"]
[Date "2017.11.24"]
[Round "3.55"]
[White "Samy A S, Anthoni"]
[Black "Pessotschinski, Eduard"]
[Result "1-0"]
[WhiteElo "1098"]
[BlackElo "1297"]
[PlyCount "109"]
[EventDate "2017.??.??"]
[WhiteTeam "SF Friedberg"]
[BlackTeam "TuS Makkabi"]

1. e4 c5 2. Nc3 d6 3. Bb5+ Bd7 4. Bc4 Nf6 5. Qf3 g6 6. d3 Bg7 7. Bg5 O-O 8. h3
Nc6 9. Qe3 Re8 10. Nf3 Qb6 11. Bb3 Nd4 12. Qc1 Nxf3+ 13. gxf3 Qc6 14. Bxf6 Bxf6
15. Ba4 Qc7 16. Bxd7 Qxd7 17. Nd5 Bg7 18. c3 e6 19. Ne3 Qb5 20. Qc2 Rad8 21. a4
Qa6 22. c4 Qa5+ 23. Ke2 Qb4 24. Rab1 Rc8 25. h4 h5 26. f4 f5 27. f3 Bh6 28.
Rhg1 Kh7 29. Ng2 a6 30. Ra1 Bg7 31. Ra2 Rc6 32. Qd2 Rb6 33. Rb1 Qb3 34. Ra3
Qxb2 35. Rxb2 Rxb2 36. Qxb2 Bxb2 37. Rb3 Bf6 38. Rxb7+ Re7 39. Rb6 Rd7 40. Rxa6
e5 41. Ke3 exf4+ 42. Kxf4 Kh6 43. Kg3 Be5+ 44. f4 Bf6 45. exf5 gxf5 46. Ne3
Rg7+ 47. Kh3 Kg6 48. Nd5 Rd7 49. Nb6 Rb7 50. Nc8 Be7 51. Nxe7+ Rxe7 52. Rxd6+
Kg7 53. a5 Re3+ 54. Kg2 Re2+ 55. Kf3 1-0

[Event "Sparkassen-Open B"]
[Site "Heusenstamm, Martinsee"]
[Date "2017.11.24"]
[Round "3.56"]
[White "Gräf, Britta"]
[Black "Hegmann, Kolja"]
[Result "0-1"]
[WhiteElo "950"]
[BlackElo "1300"]
[PlyCount "80"]
[EventDate "2017.??.??"]
[WhiteTeam "SV Frankfurt Nord"]
[BlackTeam "TuS Makkabi"]

1. d4 d5 2. Bf4 Nc6 3. e3 Nf6 4. Bd3 Bg4 5. Qd2 e6 6. h3 Bh5 7. g4 Bg6 8. Nf3
Be4 9. Qe2 Bd6 10. O-O Bxf4 11. exf4 Bxf3 12. Qxf3 Nxd4 13. Qe3 Nc6 14. Nd2 O-O
15. Nf3 Re8 16. Rae1 Qd6 17. Ng5 e5 18. Nxh7 Nxh7 19. Bxh7+ Kxh7 20. h4 Qd7 21.
Qd3+ Kg8 22. f3 exf4 23. Rxe8+ Rxe8 24. c4 d4 25. Qd2 Qd6 26. a3 Qe5 27. Qf2
Qe3 28. Qxe3 dxe3 29. Kg2 Kh7 30. g5 Kg6 31. Kh3 Nd4 32. Kg4 e2 33. h5+ Kh7 34.
Rh1 e1=Q 35. g6+ fxg6 36. hxg6+ Kxg6 37. Rxe1 Rxe1 38. Kxf4 Kh5 39. b4 Rf1 40.
Ke4 Nxf3 0-1

[Event "Sparkassen-Open B"]
[Site "Heusenstamm, Martinsee"]
[Date "2017.11.25"]
[Round "4.1"]
[White "Englert, Fred"]
[Black "Senatov, Boris"]
[Result "1-0"]
[WhiteElo "1778"]
[BlackElo "1704"]
[PlyCount "73"]
[EventDate "2017.??.??"]
[WhiteTeam "SK Klingenberg"]
[BlackTeam "SC Heusenstamm"]

1. c4 e5 2. g3 Nf6 3. Bg2 d5 4. cxd5 Nxd5 5. Nc3 Nb6 6. Nf3 Nc6 7. O-O Be7 8.
b3 Be6 9. Bb2 O-O 10. Rc1 f6 11. h3 Qd7 12. Kh2 Nb4 13. d4 N6d5 14. dxe5 c6 15.
Nxd5 Nxd5 16. exf6 Bxf6 17. Bxf6 Rxf6 18. Qd4 Qe8 19. Rfd1 Bf5 20. Nh4 Qxe2 21.
g4 Be6 22. Re1 Qxa2 23. Rxe6 Rxe6 24. Nf5 Rf6 25. Bxd5+ cxd5 26. Qxd5+ Kh8 27.
Kg3 Raf8 28. Rc7 Rxf5 29. gxf5 b5 30. f3 Qa5 31. Qd4 Qe1+ 32. Kg4 Rg8 33. Rxa7
h5+ 34. Kxh5 Qg3 35. Qg4 g6+ 36. Kh6 Qb8 37. Rh7# 1-0

[Event "Sparkassen-Open B"]
[Site "Heusenstamm, Martinsee"]
[Date "2017.11.25"]
[Round "4.2"]
[White "Björknes, Uwe"]
[Black "Sikorra, Philipp"]
[Result "1-0"]
[WhiteElo "1696"]
[BlackElo "1755"]
[PlyCount "63"]
[EventDate "2017.??.??"]
[WhiteTeam "SC Bergen-Enkheim"]
[BlackTeam "SC Ladja Roßdorf"]

1. c4 e5 2. Nc3 Nc6 3. e3 Bc5 4. a3 a5 5. Nf3 d6 6. d4 exd4 7. exd4 Ba7 8. Be2
Bg4 9. Bg5 f6 10. Be3 Nge7 11. h3 Bxf3 12. Bxf3 Nf5 13. Nb5 Nxe3 14. fxe3 Qe7
15. Qd3 O-O 16. O-O-O Bb6 17. Kb1 Nd8 18. Be4 h6 19. Bd5+ Kh8 20. Qf5 Re8 21.
Nc3 Ne6 22. Bxb7 Rab8 23. Bc6 Red8 24. Be4 Nf8 25. Nd5 Qe6 26. Qf3 c5 27. Bf5
Qf7 28. Nxb6 Rxb6 29. dxc5 Rb3 30. Bc2 Rxb2+ 31. Kxb2 Rb8+ 32. Kc3 1-0

[Event "Sparkassen-Open B"]
[Site "Heusenstamm, Martinsee"]
[Date "2017.11.25"]
[Round "4.3"]
[White "Becker, Ralph"]
[Black "Edel, Fenja"]
[Result "1/2-1/2"]
[WhiteElo "1753"]
[BlackElo "1694"]
[PlyCount "52"]
[EventDate "2017.??.??"]
[WhiteTeam "SC Paimar"]
[BlackTeam "SV Springe"]

1. d4 d5 2. Nc3 Nf6 3. Bf4 a6 4. e3 e6 5. Bd3 Bd6 6. Nge2 O-O 7. O-O Re8 8. Rc1
c6 9. Be5 Ng4 10. Bxd6 Qxd6 11. Ng3 e5 12. dxe5 Qxe5 13. Qf3 h5 14. Bf5 Nxh2
15. Kxh2 h4 16. Bxc8 Rxc8 17. Rcd1 hxg3+ 18. Qxg3 Qxg3+ 19. Kxg3 Nd7 20. Rh1 g6
21. e4 Nf6 22. Rhe1 Rc7 23. e5 Nh5+ 24. Kg4 Re8 25. Re2 Rce7 26. Rde1 b5
1/2-1/2

[Event "Sparkassen-Open B"]
[Site "Heusenstamm, Martinsee"]
[Date "2017.11.25"]
[Round "4.4"]
[White "Werner, Tom"]
[Black "Draxler, Gottfried"]
[Result "0-1"]
[WhiteElo "1627"]
[BlackElo "1781"]
[PlyCount "130"]
[EventDate "2017.??.??"]
[WhiteTeam "VSG Offenbach"]
[BlackTeam "SF Neuberg"]

1. c4 c5 2. Nc3 Nc6 3. g3 Nf6 4. Bg2 g6 5. Nf3 Bg7 6. O-O O-O 7. d3 d6 8. Bd2
Rb8 9. a3 a6 10. Rb1 Nd4 11. Nxd4 cxd4 12. Ne4 Qc7 13. b4 b6 14. Qc2 Bb7 15.
Nxf6+ Bxf6 16. Bxb7 Rxb7 17. Rfc1 Rc8 18. Qa4 Ra8 19. Rc2 Qd7 20. Qxd7 Rxd7 21.
Rbc1 Rc8 22. e3 Rdc7 23. exd4 Bxd4 24. Be3 Bxe3 25. fxe3 Kf8 26. Kf2 Ke8 27.
Ke2 Kd7 28. d4 e6 29. c5 dxc5 30. dxc5 bxc5 31. Rxc5 Rxc5 32. bxc5 Kc6 33. Rb1
Ra8 34. Kd3 Kxc5 35. Rb7 Rf8 36. Ra7 Kb6 37. Rd7 h6 38. Kd4 Kc6 39. Ra7 Kb6 40.
Rd7 Kb5 41. Ra7 a5 42. Ke5 f5 43. Rh7 Rc8 44. Rxh6 Rc3 45. Kd4 Rc4+ 46. Kd3 Rg4
47. Rh8 g5 48. Re8 Re4 49. h3 Ka4 50. g4 Kxa3 51. gxf5 exf5 52. Ra8 a4 53. Ra5
Rb4 54. Rxf5 Kb3 55. Rxg5 a3 56. Ra5 a2 57. Rxa2 Kxa2 58. e4 Rb3+ 59. Kd4 Rxh3
60. Kd5 Rd3+ 61. Ke6 Kb3 62. e5 Kc4 63. Kf7 Kd5 64. e6 Rf3+ 65. Ke7 Re3 0-1

[Event "Sparkassen-Open B"]
[Site "Heusenstamm, Martinsee"]
[Date "2017.11.25"]
[Round "4.6"]
[White "Edenhäuser, Hermann"]
[Black "Zerhusen, Martin"]
[Result "0-1"]
[WhiteElo "1419"]
[BlackElo "1751"]
[PlyCount "90"]
[EventDate "2017.??.??"]
[WhiteTeam "SC Heusenstamm"]
[BlackTeam "SV Oberursel"]

1. e4 c5 2. Nf3 Nc6 3. d4 cxd4 4. Nxd4 d6 5. Nc3 Bd7 6. Be3 a6 7. Be2 Nf6 8.
O-O g6 9. f3 Bg7 10. Qd2 O-O 11. Kh1 b5 12. a3 Qc7 13. Rae1 Rfc8 14. Bd3 Ne5
15. f4 Nc4 16. Bxc4 Qxc4 17. Qd3 b4 18. Qxc4 Rxc4 19. axb4 Rxb4 20. e5 dxe5 21.
fxe5 Ng4 22. Nb3 Nxe3 23. Rxe3 Be6 24. Ne4 Bxb3 25. cxb3 Bxe5 26. Nc3 Bxc3 27.
bxc3 Rxb3 28. Rxe7 f5 29. Rc1 a5 30. Re2 a4 31. Ra2 a3 32. h3 Rb2 33. Rca1 Rxa2
34. Rxa2 Kf7 35. Kg1 Ke6 36. Kf2 Kd5 37. Ke3 Kc4 38. g4 fxg4 39. hxg4 Kxc3 40.
Kf4 Kb3 41. Ra1 a2 42. Kg5 Kb2 43. Rxa2+ Rxa2 44. Kh6 Ra7 45. g5 Ra5 0-1

[Event "Sparkassen-Open B"]
[Site "Heusenstamm, Martinsee"]
[Date "2017.11.25"]
[Round "4.7"]
[White "Ringeltaube, Denny"]
[Black "Bahr, Arne"]
[Result "1-0"]
[WhiteElo "1746"]
[BlackElo "1681"]
[PlyCount "48"]
[EventDate "2017.??.??"]
[WhiteTeam "Klub Kölner SF"]
[BlackTeam "SG Turm Kiel"]

1. e4 g6 2. d4 Nf6 3. e5 Nh5 4. Be2 d6 5. Nf3 Ng7 6. Bh6 dxe5 7. Nxe5 Nf5 8.
Bxf8 Kxf8 9. c3 Be6 10. O-O f6 11. Nd3 Nd7 12. Nf4 Bf7 13. Bg4 Ng7 14. Re1 f5
15. Bf3 Nf6 16. Nd2 g5 17. Nd3 g4 18. Bxb7 Rb8 19. Ba6 h5 20. Bc4 Bxc4 21. Nxc4
Qd5 22. Nce5 Ne6 23. Ng6+ Kg7 24. Nxh8 Kxh8 $138 1-0

[Event "Sparkassen-Open B"]
[Site "Heusenstamm, Martinsee"]
[Date "2017.11.25"]
[Round "4.8"]
[White "Hambel, Christoph"]
[Black "Bach, Oliver"]
[Result "0-1"]
[WhiteElo "1679"]
[BlackElo "1599"]
[PlyCount "94"]
[EventDate "2017.??.??"]
[WhiteTeam "Bad Vilbeler Sfr"]
[BlackTeam "Frankfurter TV"]

1. e4 d6 2. Nc3 Nf6 3. f4 g6 4. Nf3 Bg7 5. Bc4 O-O 6. O-O c6 7. d3 b5 8. Bb3 b4
9. Ne2 Qb6+ 10. Kh1 Ng4 11. d4 Ba6 12. c3 Qb5 13. c4 Qb6 14. h3 Nf6 15. Qc2 Nh5
16. Be3 Nd7 17. Rad1 Rad8 18. Bg1 Qc7 19. Bh2 e6 20. e5 Bh8 21. g4 Ng7 22. exd6
Qxd6 23. f5 Qe7 24. c5 exf5 25. Rde1 Qe4 26. Qxe4 fxe4 27. Ng5 Ne6 28. Nxe6
fxe6 29. Bxe6+ Kg7 30. Rxf8 Nxf8 31. Bb3 h6 32. Rf1 g5 33. Rf7+ Kg6 34. Ng3 e3
35. Nf5 Re8 36. Ne7+ Rxe7 37. Rxe7 Bxd4 38. Bg1 Bxc5 39. Re5 Bd4 40. Re4 c5 41.
Bd5 e2 42. b3 Bd3 43. Re7 Kf6 44. Re8 Nd7 45. Re6+ Kg7 46. Bf3 Kf7 47. Bd5 Nf6
0-1